Fairy Tail - Top 50 des plus Puissants (Lisez la description) - Statistiques

Statistiques générales
  • Ce quiz a été pris 1 402 fois
    1 384 depuis la dernière actualisation
  • Le résultat moyen est 19 sur 50
Statistiques - réponses
# Personnages Indice % Correct
23 Natsu Dragnir (E.N.D.) La Salamandre
96%
02 Zeleph Dragnir Touché par la malédiction d'Ankseram
93%
39 Erza Nightwalker De l'Autre Monde
91%
34 Erza Scarlett L'Héroïne aux Cheveux Rouges
91%
35 Grey Fullbuster S'entête avec son Congénère
86%
03 Ignir Le Père du Héros
83%
24 Makarov Draer Le Vieux
82%
18 Luxus Draer Coup de Foudre
81%
01 Acnologia Le plus Redouté d'entre tous
80%
28 Rogue Cheney (FUTUR) Voyageur du Futur
64%
13 Gildarts Clive Un Trompeur Né
62%
22 Jellal Fernandez Controversé dans le Monde de la Magie
61%
37 Sting Youclif La Lumière
61%
38 Ultia Milkovich Influe le Temps
55%
06 August Fils de l'Empereur Spriggan
51%
05 Eileen Belserion Chasseuse Originelle
51%
36 Gadjeel Redfox Un Mental en Acier
45%
09 Hades Mage Perfectionniste et Maléfique
43%
41 Erik (Cobra) Entend tout
40%
16 God Serena Possède 8 Lacrimas
38%
32 Jura Nekis N°1 dans le Classement des Mages de Fiore
38%
08 Déliora Démon à l'origine d'un massacre de masse
36%
48 Kagura Mikazuchi Épéiste de Renom
36%
04 Atlas Flame L'Oncle du Héros
34%
29 Brandish Myuh Ant-Man Version Femme
33%
43 Rogue Cheney L'Ombre
31%
27 José Pora Maître de Phantom Lord
30%
45 Lullaby Flûte du Mage Noir
27%
44 Mystogan Retour à l'Envoyeur !
27%
20 Oul Milkovich Elle s'est sacrifiée pour sauver la population
27%
11 Dimaria Yester ZA WARUDO !
26%
19 Larcade Dragnir Malheureux Sous-fifre de l'Empereur Spriggan
26%
10 Roi des Esprits Empereur Cosmique
25%
25 Brain (Zero) Prisonnier d'un Sceau
24%
15 Mard Geer Roi des Enfers
24%
17 Silver Fullbuster Jette un Froid
23%
46 MacBeth (Midnight) Mage Illusionniste
19%
21 Invel Yura Manipulateur des Neiges
15%
07 Maevis Vermillion Possède la Magie Conservatrice la plus Puissante jamais vue
14%
30 Ajeel Raml Fermez les yeux !
12%
33 Bluenote Stinger Contrôle la gravité
12%
26 Jacob Lessio En un claquement de doigts, pouf !
12%
12 Bloodman Instant Covid
11%
14 Wahl Icht Cyborg qui nous vient d'Allemagne
11%
49 Ikaruga À l'Allure Japonaise
5%
31 Neinehart Invocateur de Défunts
5%
47 Richard Buchanan (Hot-Eye) Membre de la plus belle des Fratries
5%
50 Byro Cracy Prêtre qui pratique les Arts Martiaux
2%
40 Franmars Voleur de Dépouille
1%
42 Gemma (Forme Démoniaque) Maître sans Pitié
1%
Aucun quiz correspondant
Distribution des résultats
% des personnes avec chaque résultat
Percentile par nombre de réponses
Votre historique - résultats
Vous n’avez pas pris ce quiz depuis la dernière actualisation